Countries that Start with N - Map Quiz - Statistics

General Stats
  • This quiz has been taken 304 times
  • The average score is 8 of 9
Answers on the Map
Answers color-coded by a green-red scale on the quiz's map according to % correct below.
 
Answer Stats
Answer % Correct
Nigeria
96%
Norway
96%
Netherlands
95%
North Korea
95%
Namibia
94%
Nauru
94%
Nepal
94%
Nicaragua
92%
Niger
92%
No matching quizzes found
Score Distribution
Percent of People with Each Score
Percentile by Number Answered
Your Score History
You have not taken this quiz